| 000 | 01017nam a2200325Ia 4500 | ||
|---|---|---|---|
| 001 | Para_2294 | ||
| 003 | CHAP | ||
| 008 | 220125s1995 xx 000 0 und d | ||
| 010 | _a200877 | ||
| 040 | _cCHAP | ||
| 082 | _aPA 635.986 D3 | ||
| 100 |
_aDaughtrey, Margery L., ed. _9165728 |
||
| 245 |
_aCompendium of flowering potted plant diseases / _c ed. by Margery L. Daughtrey, Robert L. Wick and Joseph L. Peterson |
||
| 260 |
_aSt. Paul Minn. : _b American Phytopathological Society |
||
| 300 | _a90 p. | ||
| 650 |
_aFlores _x enfermedades _941375 |
||
| 650 |
_aMacetas _969376 |
||
| 650 |
_aPropagación de plantas _992417 |
||
| 650 |
_aSiembra en maceta _9105841 |
||
| 700 |
_aPeterson, Joseph L. _987622 |
||
| 700 |
_aWick, Robert L. _9121812 |
||
| 710 |
_aAmerican Phytopathological Society _95265 |
||
| 901 | _aPA 635.986 D3 | ||
| 902 | _aM | ||
| 905 | _a0000001995 a 0000000000 00 | ||
| 910 | _a1995 | ||
| 942 | _cPARA | ||
| 942 |
_cPARA _d1 |
||
| 999 |
_c200877 _d200877 |
||